Direct determination of carbon and nitrogen contents of natural bacterial assemblages in marine environments /
Guardado en:
| Otros Autores: | , , , |
|---|---|
| Formato: | Artículo |
| Lenguaje: | English |
| Materias: | |
| Etiquetas: |
Agregar Etiqueta
Sin Etiquetas, Sea el primero en etiquetar este registro!
|
| Thư viện lưu trữ: | Thư viện Trường Đại học Đà Lạt |
|---|
| LEADER | 01026nam a2200337 4500 | ||
|---|---|---|---|
| 001 | DLU090091746 | ||
| 005 | ##20091201 | ||
| 040 | # | # | |a DLU |b eng |
| 041 | # | # | |a eng |
| 044 | # | # | |a us |
| 245 | # | # | |a Direct determination of carbon and nitrogen contents of natural bacterial assemblages in marine environments / |c Rumi Fukuda ... [et al.]. |
| 653 | # | # | |a Bacteria |
| 653 | # | # | |a Coastal environment |
| 653 | # | # | |a Marine environment |
| 653 | # | # | |a Microbial community |
| 653 | # | # | |a Nitrogen |
| 653 | # | # | |a Organic carbon |
| 700 | # | # | |a Fukuda, Rumi. |
| 700 | # | # | |a Koike, Isao. |
| 700 | # | # | |a Nagata, Toshi. |
| 700 | # | # | |a Ogawa, Hiroshi. |
| 773 | # | # | |t Applied and Environmental Microbiology |g Vol. 64, no. 9 (September 1998), p. 3352-3358 |
| 920 | # | # | |a Phòng Tạp chí -- Trung tâm Thông tin - Thư viện Trường Đại học Đà Lạt |
| 994 | # | # | |a DLU |
| 900 | # | # | |a True |
| 911 | # | # | |a Trương Bảo Trâm Anh |
| 925 | # | # | |a G |
| 926 | # | # | |a A |
| 927 | # | # | |a BB |
| 980 | # | # | |a Thư viện Trường Đại học Đà Lạt |